Introduction to Micro Processors for Engineers & Scientists 2nd Ed (Record no. 20913)

MARC details
000 -LEADER
fixed length control field 00371nam a22001337a 4500
008 - FIXED-LENGTH DATA ELEMENTS--GENERAL INFORMATION
fixed length control field 240924b |||||||| |||| 00| 0 eng d
020 ## - INTERNATIONAL STANDARD BOOK NUMBER
ISBN 81-203-0978-2
100 ## - MAIN ENTRY--AUTHOR NAME
Personal name P K Gosh & P K Sridhar
245 ## - TITLE STATEMENT
Title Introduction to Micro Processors for Engineers & Scientists 2nd Ed
260 ## - PUBLICATION, DISTRIBUTION, ETC. (IMPRINT)
Place of publication Delhi
Name of publisher Prentice Hall
Year of publication 1995
300 ## - PHYSICAL DESCRIPTION
Number of Pages 318
650 ## - SUBJECT ADDED ENTRY--TOPICAL TERM
Topical Term BB-CSE
942 ## - ADDED ENTRY ELEMENTS (KOHA)
Source of classification or shelving scheme Dewey Decimal Classification
Koha item type Books
Holdings
Accession Number Source of acquisition Price effective from Koha item type Withdrawn / writtenoff status Damaged status Not for loan Permanent Location Current Location Shelving location Date acquired Lost/ Missing status department
BB 1483 Donated By Dr. Ashok Kumar, Dean Academic affairs 09/24/2024 Books       MIET Library, Jammu MIET Library, Jammu 73/6 09/03/2024   BB